Somos iglesia eucarística en salida: un llamado a adorar y servir con alegría

Saved in:
Bibliografiske detaljer
Format: Bog
Sprog:spansk
Udgivet: Buenos Aires PPC Cono Sur 2015
Udgivelse:1a. ed
Serier:Recurso para Agentes de Pastoral
Fag:
Tags: Tilføj Tag
Ingen Tags, Vær først til at tagge denne postø!

MARC

LEADER 00000cam a2200000 a 4500
001 UCC3674
003 CL-VaPUC
008 180531e20151100ag |||||||||||||||||spa|d
020 |a 9789877400946 
082 0 4 |a 268.4  |b SOM  |2 21 
245 1 0 |a Somos iglesia eucarística en salida: un llamado a adorar y servir con alegría 
250 |a 1a. ed 
300 |a 64 p 
942 |c BK 
945 |d 20180531 16:15:00  |a arojas 
260 |a Buenos Aires  |b PPC Cono Sur  |c 2015 
650 7 |a CATEQUESIS FAMILIAR  |2 CL-VaPUC  |9 481682 
650 0 |a Catequesis y vida cristiana  |9 320810 
650 7 |a CATEQUISTAS  |2 CL-VaPUC  |9 481683 
650 0 |a Eucaristía  |9 257336 
583 |a last modification  |c 20180531 16:15:00  |k Rodrigo Vera 
490 0 |a Recurso para Agentes de Pastoral 
999 |c 371366  |d 371364 
952 |0 0  |1 0  |3 erb  |4 0  |6 268_400000000000000_SOM_2015  |7 0  |8 A  |9 488333  |a BIBTEO  |b BIBTEO  |i 5473217  |o 268.4 SOM 2015  |p 5473217  |r 2025-01-17  |w 2019-11-24  |y BK  |z Catalogado en:20180531  |k ICR